Levanduľa, vôňa z Provensálska

Bibliographic Details
Main Author: Kvizdová, Jana (Author)
Format: Article
Language:Slovak
PhysicalDescription:Fotogr.
ISSN:0862-5565
Subjects:

MARC

LEADER 00000nab a2200000 ar4500
001 vtls009141077
003 SK-MaSNL
005 20260303190444.0
008 070917c2007 xo |||||||||||000 b|slo
015 |a SNBRB2007/09  |2 snkbucl 
038 |a SNKBUCL 
040 |a SNKBUCL  |b slo  |c SNKBUCL  |e AACR2 
041 0 |a slo 
044 |a xo  |c SK 
080 |a 635.92  |2 1997 
100 1 |a Kvizdová, Jana  |4 aut  |9 859035 
245 1 0 |a Levanduľa, vôňa z Provensálska  |c Jana Kvizdová 
300 |b Fotogr. 
650 0 7 |a levanduľa  |2 snkbucl  |9 90396 
650 0 7 |a pestovanie okrasných rastlín  |2 snkbucl  |9 3953 
650 0 7 |a pestovanie záhradných rastlín  |2 snkbucl  |9 30897 
773 0 |t Záhradkár  |g Roč. XLIII, č. 8 (2007), s. 30-32  |x 0862-5565 
852 |a SNK  |b KIS3GCP 
999 |c 2136336  |d 2138266